Fizetési kártyarendszer bemutatása a készpénz rá gyakorolt hatása mellett fogyasztói és kereskedői szempontból

Bibliográfiai részletek
Szerző: Bak Roland
További közreműködők: Vallyon Dr. Andrea
Dokumentumtípus: Diplomadolgozat
Kulcsszavak:Bankkártya
Fizetési módok
Készpénz
Bankszámla
Fogyasztói magatartás
Primer kutatás
Online Access:http://dolgozattar.uni-bge.hu/15438

MARC

LEADER 00000nta a2200000 i 4500
001 dolg15438
005 20200508045827.0
008 180507suuuu hu om 000 hun d
040 |a BGE Dolgozattár Repozitórium  |b hun 
041 |a hu 
100 1 |a Bak Roland 
245 1 0 |a Fizetési kártyarendszer bemutatása a készpénz rá gyakorolt hatása mellett fogyasztói és kereskedői szempontból  |c Bak Roland  |h [elektronikus dokumentum] 
695 |a Bankkártya 
695 |a Fizetési módok 
695 |a Készpénz 
695 |a Bankszámla 
695 |a Fogyasztói magatartás 
695 |a Primer kutatás 
700 1 |a Vallyon Dr. Andrea  |e ths 
856 4 0 |u http://dolgozattar.uni-bge.hu/15438/1/bak_roland_final_print.pdf  |z Dokumentum-elérés